[Event "GRE-ch U18"]
[Site "Nikaia"]
[Date "2012.01.06"]
[Round "6"]
[White "Agorastoudis Vlahos, Ioakim"]
[Black "Kalogridakis, Georgios"]
[Result "0-1"]
[WhiteElo "1750"]
[BlackElo "1901"]
[PlyCount "128"]
[EventDate "2012.01.03"]
[EventType "swiss"]
[EventRounds "9"]
[EventCountry "GRE"]
[SourceTitle "CBM 146 Extra"]
[Source "ChessBase"]
[SourceDate "2012.02.29"]
[SourceVersion "1"]
[SourceVersionDate "2012.02.29"]
[SourceQuality "1"]

1. Nf3 d5 2. g3 Nf6 3. Bg2 e6 4. d3 Be7 5. 0-0 b6 6. Nbd2 Bb7 7. b3 0-0 8. Bb2 Nbd7 9. c4 c5 10. cxd5 exd5 11. d4 Re8 12. dxc5 Bxc5 13. e3 Qe7 14. Nd4 Ne5 15. N2f3 Ba6 16. Nxe5 Qxe5 17. Re1 Rac8 18. a3 Ne4 19. b4 Bxd4 20. Qxd4 Qxd4 21. Bxd4 Rc2 22. f3 Nd2 23. Rec1 Rec8 24. Rxc2 Rxc2 25. a4 Be2 26. f4 Bf3 27. Bf1 Nxf1 28. Rxf1 Rg2+ 29. Kh1 Be4 30. h4 Ra2+ 31. Kg1 Rxa4 32. Ra1 Rxa1+ 33. Bxa1 h5 34. Bc3 g6 35. Kf2 Kf8 36. Ke2 Ke7 37. Bd4 Kd6 38. Kd2 Kc6 39. Kc3 Kb5 40. Kb3 a5 41. bxa5 bxa5 42. Bf6 Bf3 43. Kc3 Ka4 44. Be7 Kb5 45. Bf6 Kc6 46. Kd4 Kd6 47. Bg7 Ke6 48. Bf8 Kf5 49. Be7 a4 50. Kc3 Ke4 51. Bc5 Bd1 52. Kd2 Bb3 53. Bd6 f5 54. Bc5 Kf3 55. Be7 Kxg3 56. Kc3 Kg4 57. Bf6 Bc4 58. Kd2 a3 59. Ke1 Kg3 60. Kd2 a2 61. Ke1 Bb5 62. Kd2 a1Q 63. Bxa1 Kxh4 64. Bf6+ Kg3 0-1

[Event "GRE-ch U18"]
[Site "Nikaia"]
[Date "2012.01.06"]
[Round "5"]
[White "Stamos, Filippos"]
[Black "Agorastoudis Vlahos, Ioakim"]
[Result "1-0"]
[WhiteElo "1976"]
[BlackElo "1750"]
[PlyCount "63"]
[EventDate "2012.01.03"]
[EventType "swiss"]
[EventRounds "9"]
[EventCountry "GRE"]
[SourceTitle "CBM 146 Extra"]
[Source "ChessBase"]
[SourceDate "2012.02.29"]
[SourceVersion "1"]
[SourceVersionDate "2012.02.29"]
[SourceQuality "1"]

1. e4 c5 2. Nf3 Nc6 3. d4 cxd4 4. Nxd4 e5 5. Nb5 d6 6. N1c3 a6 7. Na3 Nf6 8. Bg5 b5 9. Bxf6 Qxf6 10. Nd5 Qd8 11. Bxb5 axb5 12. Nxb5 Qa5+ 13. c3 Ra7 14. Nxa7 Qxa7 15. 0-0 Be7 16. b4 0-0 17. a4 Be6 18. a5 Rb8 19. Qa4 Bxd5 20. exd5 Nd8 21. Rfb1 Kf8 22. a6 e4 23. b5 e3 24. fxe3 Qxe3+ 25. Kh1 Bf6 26. Qb4 Qc5 27. Qxc5 dxc5 28. b6 Bxc3 29. a7 Ra8 30. b7 Nxb7 31. Rxb7 Be5 32. Rab1 1-0

[Event "GRE-ch U18"]
[Site "Nikaia"]
[Date "2012.01.03"]
[Round "1"]
[White "Michelakos, Panagiotis"]
[Black "Agorastoudis Vlahos, Ioakim"]
[Result "1-0"]
[WhiteElo "2162"]
[BlackElo "1750"]
[PlyCount "119"]
[EventDate "2012.01.03"]
[EventType "swiss"]
[EventRounds "9"]
[EventCountry "GRE"]
[SourceTitle "CBM 146 Extra"]
[Source "ChessBase"]
[SourceDate "2012.02.29"]
[SourceVersion "1"]
[SourceVersionDate "2012.02.29"]
[SourceQuality "1"]

1. d4 Nf6 2. Nf3 d6 3. c4 g6 4. Nc3 Bg7 5. g3 Nbd7 6. Bg2 0-0 7. 0-0 c6 8. h3 h6 9. e4 e5 10. d5 c5 11. Ne1 Nb6 12. Qe2 Nh5 13. Nc2 a6 14. Be3 Bd7 15. Rab1 Na4 16. Nxa4 Bxa4 17. Bf3 Nf6 18. Qd2 Kh7 19. b4 b6 20. Kh2 Qc7 21. Rfc1 Rfb8 22. Ne1 Bd7 23. Nd3 Bc8 24. Bg2 Qe7 25. a4 Qc7 26. f4 exf4 27. gxf4 Nd7 28. Qf2 a5 29. b5 Ra7 30. Rg1 Qd8 31. Qg3 Qf6 32. Rbc1 Qe7 33. Rce1 Nf6 34. Bd2 Nh5 35. Qf2 Bd4 36. Be3 Bxe3 37. Rxe3 Qf6 38. e5 dxe5 39. fxe5 Qxf2 40. Nxf2 Nf4 41. Be4 Re7 42. Bc2 Kg7 43. h4 Bb7 44. Ng4 Bxd5 45. cxd5 Nxd5 46. Ree1 Rbe8 47. h5 g5 48. Rd1 Nf4 49. Nf6 Rc8 50. Bf5 Rcc7 51. Rd8 Rxe5 52. Ne8+ Rxe8 53. Rxe8 Nxh5 54. Rd1 c4 55. Rc8 Re7 56. Rxc4 Re2+ 57. Kg1 Nf4 58. Rd6 Re5 59. Bc2 Re1+ 60. Kf2 1-0

[Event "GRE-ch U16"]
[Site "Kallithea"]
[Date "2010.07.02"]
[Round "9"]
[White "Agorastoudis Vlahos, Ioakim"]
[Black "Boutsioukis, Nikolaos"]
[Result "1-0"]
[WhiteElo "1514"]
[BlackElo "1959"]
[PlyCount "71"]
[EventDate "2010.06.26"]
[EventType "swiss"]
[EventRounds "9"]
[EventCountry "GRE"]
[SourceTitle "CBM 137 Extra"]
[Source "ChessBase"]
[SourceDate "2010.09.01"]
[SourceVersion "1"]
[SourceVersionDate "2010.09.01"]
[SourceQuality "1"]

1. Nf3 f5 2. d3 d6 3. g3 Nc6 4. Bg2 g6 5. 0-0 Nf6 6. Nc3 Bg7 7. e4 e5 8. Bg5 h6 9. Bd2 0-0 10. Nh4 Kh7 11. exf5 gxf5 12. Nd5 Be6 13. Nxf6+ Qxf6 14. f4 exf4 15. Bc3 Qg5 16. Rxf4 Be5 17. Nf3 Qe7 18. Nxe5 dxe5 19. Rh4 Qc5+ 20. Kh1 Bd5 21. Qh5 Rf6 22. Qg5 Bxg2+ 23. Kxg2 Qd6 24. Qe3 Rg8 25. Re1 Re6 26. Qf3 Rf8 27. Rh5 Ref6 28. a3 R8f7 29. Qe2 Re6 30. Qf3 Qf8 31. Rf1 Ref6 32. Qe3 Qe8 33. Rfxf5 Nd4 34. Rxf6 Rxf6 35. Rxe5 Qc6+ 36. Qe4+ 1-0

[Event "GRE-ch U16"]
[Site "Kallithea"]
[Date "2010.06.28"]
[Round "4"]
[White "Agorastoudis Vlahos, Ioakim"]
[Black "Vatkali, Dimitra"]
[Result "0-1"]
[WhiteElo "1514"]
[BlackElo "1921"]
[PlyCount "54"]
[EventDate "2010.06.26"]
[EventType "swiss"]
[EventRounds "9"]
[EventCountry "GRE"]
[SourceTitle "CBM 137 Extra"]
[Source "ChessBase"]
[SourceDate "2010.09.01"]
[SourceVersion "1"]
[SourceVersionDate "2010.09.01"]
[SourceQuality "1"]

1. e4 c6 2. Nc3 d5 3. Nf3 Bg4 4. h3 Bxf3 5. Qxf3 Nf6 6. d3 e6 7. Bd2 Nbd7 8. g4 d4 9. Ne2 Qb6 10. 0-0-0 c5 11. g5 Ne5 12. Qg3 Nfd7 13. f4 Nc6 14. f5 e5 15. g6 f6 16. gxh7 0-0-0 17. Qg6 Qa6 18. Kb1 b5 19. Nc1 Nb6 20. b3 Qb7 21. Be2 c4 22. c3 b4 23. dxc4 bxc3 24. Be1 Nb4 25. Bd3 Nxc4 26. Bxc3 Na3+ 27. Ka1 dxc3 0-1